| 000 | 00341nam a22001217a 4500 | ||
|---|---|---|---|
| 999 |
_c7657 _d7657 |
||
| 008 | 190220b ||||| |||| 00| 0 eng d | ||
| 020 | _a9789993628729 | ||
| 082 | _a315.498 P96p 2019 | ||
| 245 | _aPopulation Projections Bhutan 2017-2047 | ||
| 260 |
_aThimphu ; _bNational Statistics Bureau, _c2019. |
||
| 300 |
_ax, 69 p. _c28 cm. |
||
| 942 | _2ddc | ||